Dictionary of technical terms / (Record no. 136223)

MARC details
000 -LEADER
fixed length control field 00578nam a22001937a 4500
005 - DATE AND TIME OF LATEST TRANSACTION
control field 20170124110256.0
010 ## - LIBRARY OF CONGRESS CONTROL NUMBER
LC control number A-354488
035 ## - SYSTEM CONTROL NUMBER
System control number A-354488
037 ## - SOURCE OF ACQUISITION
Source of stock number/acquisition Cen Lib/Ret
040 ## - CATALOGING SOURCE
Original cataloging agency DPL
Language of cataloging EN
082 ## - DEWEY DECIMAL CLASSIFICATION NUMBER
Classification number 603
Item number SHA
245 ## - TITLE STATEMENT
Title Dictionary of technical terms /
Statement of responsibility, etc by Shalini Rani
260 ## - PUBLICATION, DISTRIBUTION, ETC. (IMPRINT)
Name of publisher, distributor, etc Anmol Publications
Place of publication, distribution, etc Delhi
Date of publication, distribution, etc 1988
270 ## - ADDRESS
City New Delhi
Address 4378/4B Gali Murari Lal Ansari Road
Postal code 110002
300 ## - PHYSICAL DESCRIPTION
Extent 352p.
Dimensions 22cm(Hb)
650 ## - SUBJECT ADDED ENTRY--TOPICAL TERM
Topical term or geographic name as entry element Technical terms
Form subdivision dictionary
9 (RLIN) 20324
650 ## - SUBJECT ADDED ENTRY--TOPICAL TERM
Topical term or geographic name as entry element English dictionary
9 (RLIN) 2590
942 ## - ADDED ENTRY ELEMENTS (KOHA)
Source of classification or shelving scheme Dewey Decimal Classification
Koha item type English Books
Classification part 603
Call number suffix SHA
Holdings
Withdrawn status Lost status Damaged status Not for loan Home library Current library Date acquired Source of acquisition Total Checkouts Full call number Barcode Date last seen Copy number Price effective from Koha item type
        Central Library Central Library 02/01/2016 Cen Lib/Ret   603 SHA A-354488 02/01/2016 1 02/01/2016 English Books

© Delhi Public Library
Hit Counter
free hit counter